| 000 | 00436nam a2200181Ia 4500 | ||
|---|---|---|---|
| 005 | 20250423100331.0 | ||
| 008 | 250422s9999 xx 000 0 und d | ||
| 020 | _a978-978-023-265-6 | ||
| 050 | _aKP 61 .B4/ | ||
| 100 | _aBeredugo .A.j | ||
| 245 | 0 | _aNigeria Legal System[ an introductory text] | |
| 260 | _aLagos | ||
| 260 | _bMalt house | ||
| 260 | _c2018 | ||
| 300 | _a212 p | ||
| 650 | _aNigeria legal system | ||
| 942 | _cBK | ||
| 999 |
_c32988 _d32988 |
||